LEADER 01741oem 2200481Ia 450 001 9910696586903321 005 20080409124829.0 035 $a(CKB)5470000002378979 035 $a(OCoLC)65181253 035 $a(EXLCZ)995470000002378979 100 $a20060322d2005 da 101 0 $aeng 120 $ab|||||||||||| 121 $a||||||||| 124 $bd 135 $aurcnu--|m|||| 181 $ccrd$2rdacontent 182 $cc$2rdamedia 183 $acr$2rdacarrier 200 10$aGeologic map of northwestern Seattle (part of the Seattle North 7.5? X 15? quadrangle), King County, Washington$b[electronic resource] /$fby Derek B. Booth, Kathy Goetz Troost, and Scott A. Shimel 205 $aVersion 1.0. 210 1$a[Reston, Va.] :$cU.S. Geological Survey,$d2005. 215 $a1 electronic map $cHTML, digital, PDF file 225 1 $aScientific investigations map ;$v2903 300 $aRelief shown by contours and shading. 300 $aTitle from HTML index page (viewed on Mar. 21, 2006). 300 $aIncludes text, location map, tables, and cross sections. 320 $aIncludes bibliographical references. 517 $aGeologic map of northwestern Seattle 606 $aGeology$zWashington (State)$zSeattle$vMaps 608 $aMaps.$2lcgft 615 0$aGeology 700 $aBooth$b Derek B$01381555 701 $aTroost$b Kathy G$01384890 701 $aShimel$b Scott A$01396061 712 02$aGeological Survey (U.S.) 801 0$bGIS 801 1$bGIS 801 2$bGPO 906 $aBOOK 912 $a9910696586903321 996 $aGeologic map of northwestern Seattle (part of the Seattle North 7.5? X 15? quadrangle), King County, Washington$93455904 997 $aUNINA